Finish the lyrics - Billie Jean - Statistics

General Stats
  • This quiz has been taken 255 times
  • The average score is 7 of 15
Answer Stats
Text Answer % Correct
She was more like a _____ _____ ______ a movie scene beauty queen from
68%
Who will dance ___ ___ _____ in the round? on the floor
68%
She said I am the one, who will dance ____ ____ ____ in the round on the floor
68%
Who will dance ____ ____ ____ in the round? on the floor
68%
She told me ____ ____ ____ Billie Jean, as she caused a scene her name was
63%
People always told ___ ___ ____ of what you do me be careful
54%
Billie Jean ____ ____ ____ lover is not my
53%
But the kid ____ ____ ____ son is not my
53%
She says I am the one, but the kid ___ ___ ___ son. is not my
53%
And don't go _______ _______ ______ girls' heart around breaking young
48%
I said don't mind, but ______ ___ ____ _____, I am the one what do you mean
43%
And mother always told me ___ _______ __ who you love be careful of
25%
She's just a girl ____ ______ _____ I am the one who claims that
19%
Then every head ____ ____ ____ that dreamed of being the one turned with eyes
15%
And be careful ___ _____ ____ do 'cause the lie becomes the truth of what you
13%
No matching quizzes found
Score Distribution
Percent of People with Each Score
Percentile by Number Answered
Your Score History
You have not taken this quiz